00589cam a2200181 i 4500020001700000041001100017082001500028100001800043245008100061260003800142300001700180500002400197500004300221650002500264942000700289952009400296999001700390 a0816403546 :1 aengger00a230.2bRAH1 aRahner, Karl,10aFoundations of Christian faith : An Introduction to the idea of Christianity aNew York :bSeabury Press,c1978. axv, 470 p. ; a"A Crossroad book." aTranslation of Grundkurs des Glaubens. aTheology - Doctrinal cBK 00104070aHMIbHMIcGENd2018-10-31l0o230.2 RAHp11003819r2026-01-16w2026-01-16yBK c22449d22449